000 00679nam a2200181Ia 4500
001 7614
003 GE_BSU
008 181216s||||||||xx |||||||||||||| ||und||
040 _cGE_BSU
245 _aПрограммирование на С/С++№7(115). 2013
245 _bЖурнал для профессионалов.
260 _bИнфопресс
260 _c2013 Август.
300 _a23ст,29см.
520 _aЕжемесячное издание для разработчиков приложениий и программных компонентов на языках С/С++.
653 _aПрограммирование на С/С++
942 _cCR
999 _c40966
_d40966